La pendaison: la strangulacion, la suffocation, la submersion

Uloženo v:
Podrobná bibliografie
Hlavní autor: Brouardel, P (Autor)
Médium: Kniha
Jazyk:francouzština
Vydáno: París J. B. Baillière et Fils 1897
Edice:Cours de Médecine Légale
Témata:
Tagy: Přidat tag
Žádné tagy, Buďte první, kdo vytvoří štítek k tomuto záznamu!

MARC

LEADER 00000nam a2200000 a 4500
001 UCT8962
003 CL-VaPUC
008 970326e18970000FR |||||||||||||||||fre|d
082 0 4 |a 344.04  |b BRO  |2 21 
100 0 |a Brouardel, P  |e author  |9 381278 
245 1 3 |a La pendaison: la strangulacion, la suffocation, la submersion 
300 |a 584 p 
942 |c BK 
945 |d 19970326 00:00:00  |a lriquelm 
260 |a París  |b J. B. Baillière et Fils  |c 1897 
650 0 |a Asfixia  |9 342026 
650 0 |a Muerte  |9 265114 
650 7 |a SUICIDIO  |2 CL-VaPUC  |9 317374 
650 7 |a MEDICINA LEGAL  |2 CL-VaPUC  |9 381279 
583 |a last modification  |c 19970326 00:00:00  |k Rodrigo Vera 
490 0 |a Cours de Médecine Légale 
999 |c 257433  |d 257431 
952 |0 0  |1 0  |4 0  |6 344_040000000000000_BRO_1897  |7 0  |8 X  |9 280883  |a BIBDER  |b BIBDER  |d 2019-11-19  |i 1816853  |o 344.04 BRO 1897  |p 1816853  |r 2023-01-25  |w 2019-11-19  |y BK_X  |k DER